| 000 | 01544nam a2200421 i 4500 | ||
|---|---|---|---|
| 001 | 1271 | ||
| 003 | KOSZ 005 | ||
| 005 | 20220215101015.0 | ||
| 008 | 981103s1985 pl f f |000 0 pol | ||
| 015 | _aPB 1986/3224 | ||
| 035 | _a(OCoLC)830217368 | ||
| 040 |
_aWA N _cWA N _dKOSZ 005/HR |
||
| 041 | 0 | _apol | |
| 046 | _k1985 | ||
| 080 | _a004.438 | ||
| 080 | _a(075.8) | ||
| 100 | 1 |
_aHusejko, Władysław _d(1952-2012) _eAutor |
|
| 245 | 1 | 0 |
_aJęzyk FORTRAN IV-PLUS minikomputera SM4-20 / _coprac. Władysław Husejko ; Wyższa Szkoła Inżynierska w Koszalinie. |
| 260 |
_aKoszalin : _bWydawnictwo Uczelniane WSI, _c1985. |
||
| 300 |
_a172 s. ; _c20 cm. |
||
| 336 |
_2rdacontent _aTekst _btxt |
||
| 337 |
_2rdamedia _aBez urządzenia pośredniczącego _bn |
||
| 338 |
_2rdacarrier _aWolumin _bnc |
||
| 380 | _aKsiążki | ||
| 380 | _aPublikacje dydaktyczne | ||
| 385 |
_mPoziom nauczania _aSzkoły wyższe |
||
| 388 | _a1901-2000 | ||
| 388 | _a1989-2000 | ||
| 504 | _aBibliogr. s. 166. | ||
| 650 | 4 | _aFortran (język programowania) | |
| 650 | 4 | _aProgramowanie (informatyka) | |
| 655 | 4 | _aPodręczniki akademickie | |
| 658 | _aInformatyka i technologie informacyjne | ||
| 710 | 2 |
_aWydawnictwo Uczelniane (Wyższa Szkoła Inżynierska ; Koszalin) _4pbl. |
|
| 856 |
_uhttp://koha.tu.koszalin.pl/cgi-bin/koha/opac-detail.pl?biblionumber=1271 _yKatalog online BPK |
||
| 856 |
_uhttp://dlibra.tu.koszalin.pl/dlibra/docmetadata?id=1411&from=latest _yBiblioteka Cyfrowa |
||
| 942 |
_2UKD _cKS |
||
| 999 |
_c1271 _d1271 |
||